000 00457nam a2200169Ia 4500
008 240822s9999 xx 000 0 und d
020 _a9789350026663
_qpbk
082 _a330.15
_bPRA
100 _aPradhan, H. Prasad
245 0 _aGandhi, Marx and India: An Alternative Path of Progress
245 0 _c/ Pradhan, H. Prasad
250 _a1st edition
260 _bAakar Books
_c2000
300 _a144
650 _aPolitical Science
942 _cENGLISH
999 _c535044
_d535044